000 00888cam a2200289 i 4500
999 _c7349
_d7349
001 7349
003 BD - JhCC
005 20180422084848.0
008 130909s2004 mauab b 001 0 eng
020 _a0072565624 (v.1)
020 _a9780072565638 (v.2)
020 _a0072565632 (v.2)
035 _a(BD-JhCC)7349
040 _aUkOxU
_erda
_cUkOxU
_dBD-JhCC
041 _aeng
082 _bBRI 2004
_a973
100 1 _aBrinkley, Alan,
245 1 4 _aThe unfinished nation :
_ba concise history of the American people /
_cAlan Brinkley.
250 _a4th edition.
260 _aBoston :
_bMcGraw Hill ;
_c2004.
300 _a2 volumes (948 pages) :
_billustrations, colour maps ;
_c23 cm
504 _aIncludes bibliographical references and index.
505 0 _av. 1. To 1877 -- v. 2. From 1865.
651 0 _aUnited States
_xHistory.
942 _2ddc
_cBK